| 000 | 00669nam a2200193Ia 4500 | ||
|---|---|---|---|
| 003 | GCL | ||
| 008 | 140319s9999 xx 000 0 ara d | ||
| 040 |
_aGCL / _cGCL |
||
| 082 | 0 | 4 |
_a621.3848 _bج ص |
| 100 | 1 | _aجميل على حمدى | |
| 245 | 1 | 0 |
_aالصونار والرادار واللادار / _cجميل على حمدى |
| 260 |
_aالقاهرة : _bوزارة الاعلام الهيئة العامة للاستعلامات ، _c1994 |
||
| 300 |
_a23 سم ؛ _c32 سم |
||
| 490 |
_aسلسلة كتب ( تبسيط علمى للطلائع ) _v0 |
||
| 650 | 0 | 4 | _aالرادار |
| 650 | 0 | 4 | _aاللادار |
| 650 | 0 | 4 | _aالصونار |
| 942 |
_2ddc _cBK |
||
| 999 |
_c58347 _d58347 |
||